00622nam a2200121Ia 4500008004100000020001800041100002300059245011100082260002700193650002200220650021800242856004000460171212s9999 xx 000 0 und d a9780833036827 aFair, C. Christine cFair, C. ChristineaUrban Battle Fields of South AsiabLessons Learned from Sri Lanka, India, and Pakistan bRAND Corporationc2004 aPolitical Science aUrban warfare -- Sri Lanka; Urban warfare -- India; Urban warfare -- Pakistan; Terrorism -- Sri Lanka -- Prevention; Terrorism -- India -- Prevention; Terrorism -- Pakistan -- Prevention; War on Terrorism, 2001– uwww.jstor.org/stable/10.7249/mg210a